David Copperfield (Record no. 158950)

MARC details
000 -LEADER
fixed length control field 00799nam a22002537a 4500
003 - CONTROL NUMBER IDENTIFIER
control field dpl
005 - DATE AND TIME OF LATEST TRANSACTION
control field 20181122165135.0
008 - FIXED-LENGTH DATA ELEMENTS--GENERAL INFORMATION
fixed length control field 181122b ||||| |||| 00| 0 eng d
010 ## - LIBRARY OF CONGRESS CONTROL NUMBER
LC control number B-127469
020 ## - INTERNATIONAL STANDARD BOOK NUMBER
Terms of availability 200.00
035 ## - SYSTEM CONTROL NUMBER
System control number B-127469
037 ## - SOURCE OF ACQUISITION
Stock number DBAD Book
Source of stock number/acquisition Amrit Prakashan
Terms of availability 200.00
040 ## - CATALOGING SOURCE
Transcribing agency DPL
082 ## - DEWEY DECIMAL CLASSIFICATION NUMBER
Edition number 2004
Classification number N
Item number 1
100 ## - MAIN ENTRY--PERSONAL NAME
Personal name Charls Dickens
245 ## - TITLE STATEMENT
Title David Copperfield
Statement of responsibility, etc Charls Dickens
Medium English
246 ## - VARYING FORM OF TITLE
Title proper/short title डेविड कॉपर फील्ड
Medium अंग्रेजी
250 ## - EDITION STATEMENT
Edition statement 2004
260 ## - PUBLICATION, DISTRIBUTION, ETC. (IMPRINT)
Place of publication, distribution, etc Delhi
Name of publisher, distributor, etc Amrit Prakashan
Date of publication, distribution, etc 2004
270 ## - ADDRESS
Address 485-A/3, IInd Floor Bhola Nath Nagar,Shahdara-110032
City Delhi
300 ## - PHYSICAL DESCRIPTION
Extent 184 Pase
Other physical details With Images
Dimensions 22 Cm HB
700 ## - ADDED ENTRY--PERSONAL NAME
Personal name Charls Dickens
942 ## - ADDED ENTRY ELEMENTS (KOHA)
Source of classification or shelving scheme Dewey Decimal Classification
Koha item type English Books
Classification part N
Item part 1
Call number prefix CHA
Call number suffix Charls Dickens
Holdings
Withdrawn status Lost status Source of classification or shelving scheme Damaged status Not for loan Collection code Home library Current library Date acquired Source of acquisition Cost, normal purchase price Total Checkouts Full call number Barcode Date last seen Date checked out Copy number Cost, replacement price Price effective from Koha item type
    Dewey Decimal Classification     Fiction Qila Rai Pithora Qila Rai Pithora 22/11/2018 Amrit Prakashan 200.00 1 N Charls Dickens B-127469 19/01/2019 04/01/2019 1 200.00 22/11/2018 English Books

© Delhi Public Library
Hit Counter
free hit counter